Cumhuriyet kültürünün oluşum sürecinde bir ideolojik aygıt olarak Silahlı Kuvvetler ve modernizim (Record no. 3401)

MARC details
000 -BAŞLIK
Sabit Uzunlukta Kontrol Alanı 00806na a2200265 4500
001 - KONTROL NUMARASI
Denetim Alanı 13162
003 - KONTROL NUMARASI IDENTIFIER
Denetim Alanı MIRAKIL
005 - SON İŞLEM TARİHİ VE ZAMANI
Denetim Alanı 20181213154930.0
008 - SABİT-BOY VERİ ELEMANLARI - GENEL BİLGİLER
Sabit Uzunlukta Kontrol Alanı 160929b tu 000 0
020 ## - ULUSLARARASI STANDART KİTAP NUMARASI
Uluslararası Standart Kitap Numarası 9757380857
035 ## - SİSTEM KONTROL NUMARASI
Sistem Kontrol Numarası 13162
040 ## - KATALOGLAMA KAYNAK
Orijinal Kataloglama Ajansı Milas
Kataloglama Dili tur
Metne Dönüştürmek Ajansı TR-AnCHP
082 ## - DEWEY ONLU SINIFLANDIRMA NUMARASI
Sınıflandırma Numarası 355.0956
Ürün Numarası Ş35c 1996
090 ## - SINIFLAMA NUMARASI
Sınıflama Numarası 355.0956 Ş35c 1996
100 ## - ANA GİRİŞ - KİŞİSEL İSİM
Kişisel Ad Şen, Serdar
245 ## - BAŞLIK TABLOSU
Başlık Cumhuriyet kültürünün oluşum sürecinde bir ideolojik aygıt olarak Silahlı Kuvvetler ve modernizim
Sorumluluk Tablosu, Vb Serdar Şen
246 ## - UNVAN FORM VARYING
Başlık Doğru / Kısa Başlığı Silahlı Kuvvetler ve modernizim
260 ## - YAYIN, DAĞITIM, VB
Yayın, Dağıtım, Vb Yeri İstanbul
Yayıncı, Dağıtıcı, Vs Adı Sarmal Yayınevi
Yayın, Dağıtım, Vb Tarihi 1996
300 ## - FİZİKSEL TANIM
Kapsam 208 s.
Boyutlar 21 sm.
504 ## - KAYNAKÇA VB NOT
Kaynakça Vb Notu Kaynakça var.
650 ## - KONU KATMA GİRİŞ - TOPİKAL DÖNEM
Topikal Süreli Veya Coğrafi Ad Giriş Elemanı Askeri yönetim
Coğrafi Alt Bölümü Türkiye
650 ## - KONU KATMA GİRİŞ - TOPİKAL DÖNEM
Topikal Süreli Veya Coğrafi Ad Giriş Elemanı Ordu
Genel Alt Bölümü Türkiye
-- Tarih
650 ## - KONU KATMA GİRİŞ - TOPİKAL DÖNEM
Topikal Süreli Veya Coğrafi Ad Giriş Elemanı Siyaset ve ordu
Genel Alt Bölümü Türkiye
942 ## - EKLENDİ GİRİŞ ELEMANLARI (KOHA)
Sınıflandırma Veya Raf Düzeni Kaynak Dewey Decimal Classification
Koha Öğesi Türü Books
999 ## - SİSTEM KONTROL NUMARALARI (KOHA)
Koha Biblionumber 3401
Koha Biblioitemnumber 3401
Holdings
Kalıcı Konum Mevcut Konum Edinme Tarihi Edinim Kaynak Toplam Check-Out'Lar Tam Çağrı Numarası Barkod Tarih Son Görülme İtibaren Geçerli Fiyatlar Koha Öğesi Türü
CHP Kütüphanesi CHP Kütüphanesi 08/09/2016 Bağış   355.0956 Ş35c 1996 000680 08/09/2016 08/09/2016 Books